000 00701nam a2200193 i 4500
001 86382
003 ES-MaACL
005 20230906175432.0
007 t|
008 041209s1943 sp ||||1| spa d
100 1 _aKarlson, Paul.
_967566
245 1 0 _aTú y el mundo físico
_b: una Física moderna al alcance de todos /
_cPaul Karlson ; versión española de José R. Barceló ; con 165 dibujos de Guillermo Petersen y 9 láminas.
250 _a2ª ed. corr. y aum.
260 _aBarcelona :
_bLabor,
_c[1943] (
_fGráf. Iberoamericanas)
300 _aXI, 355 p. ;
_c23 cm.
700 1 _aBarceló, José R.
_925506
700 1 _aPetersen, Guillermo.
_991480
852 _aES-MaACL
_jF-5489
_bR.20403
999 _c86382
_d86382